| 000 | 01504nam2a2200313 4500 | ||
|---|---|---|---|
| 001 | v19\rc\1342135 | ||
| 005 | 20260406000754.0 | ||
| 035 | _a(NLR Aleph) 005209753 | ||
| 090 |
_a5395946 _c5395946 |
||
| 100 | _a20060512d1863 |||y0rusy50 ca | ||
| 101 | 0 | _arus | |
| 102 | _aRU | ||
| 105 | _aa z ||||| | ||
| 200 | 1 |
_aОписание купеческих судов, плавающих по морям и рекам Южной России _fсост. Корпуса корабельных инж. подпоручик Г. Яковлев] |
|
| 210 |
_d1863 _aБ. м. |
||
| 215 |
_a[4], II, [2], 138 с. _cчерт. |
||
| 300 | _aАвт. указан в предисл. | ||
| 461 | 0 |
_1001v19\rc\1342132 _12001#$aО купеческом судостроении в России, речном и прибрежном$v[Ч. 2 _95395919 _cСанкт-Петербург _d1859-1863 _nМорской ученый комитет _tО купеческом судостроении в России, речном и прибрежном _v[Ч. 2 |
|
| 701 | 1 |
_7ca _8rus _aЯковлев _bФ. К. _cинженер _f19 в. _gФедор Кузьмич _993249 _3RU\NLR\AUTH\77110324 |
|
| 801 | 0 |
_aRU _bNLR _c20060512 _gpsbo |
|
| 801 | 0 |
_aRU _bRuMoRGB _c20060512 _2psbo |
|
| 801 | 1 |
_aRU _bProSoft-M _c20060512 _2rusmarc |
|
| 801 | 2 |
_aRU _bNLR _c20120402 _2rusmarc |
|
| 852 |
_aNLR _j18.70.3.37(2) |
||
| 852 |
_aNLR _j133/734(2) |
||
| 852 |
_aNLR _bМф _jК1/25314 |
||
| 942 | _cBOOK | ||
| 980 | _aNB | ||